Legal Aptitude Workbook/ (Record no. 215626)

MARC details
000 -LEADER
fixed length control field 00618nam a22002057a 4500
005 - DATE AND TIME OF LATEST TRANSACTION
control field 20260415150758.0
010 ## - LCCN (DPL NO)
LC control number ENG-148289
020 ## - INTERNATIONAL STANDARD BOOK NUMBER
International Standard Book Number 9789371361866
Terms of availability 635.00
035 ## - SYSTEM CONTROL NUMBER
System control number EN-131821
037 ## - SOURCE OF ACQUISITION
Source of stock number/acquisition DBAD
082 ## - DEWEY DECIMAL CLASSIFICATION NUMBER
Classification number 340.11
Edition number 7
100 ## - MAIN ENTRY--PERSONAL NAME
Personal name Bhardwaj, A P
245 ## - TITLE STATEMENT
Title Legal Aptitude Workbook/
Statement of responsibility, etc A P Bhardwaj
250 ## - EDITION STATEMENT
Edition statement 7
260 ## - PUBLICATION, DISTRIBUTION, ETC. (IMPRINT)
Place of publication, distribution, etc Noida
Name of publisher, distributor, etc Pearson India Education
Date of publication, distribution, etc 2026
270 ## - ADDRESS
Address 15th Floor, Towe-B, World Trade Tower, Plot No.1, Block-C, Sector-16
City Noida
Postal code 201301
300 ## - PHYSICAL DESCRIPTION
Extent vpp.
Dimensions 25cm(pb)
500 ## - GENERAL NOTE
General note for Law Entrances UG and PG 2026-27
942 ## - ADDED ENTRY ELEMENTS (KOHA)
Source of classification or shelving scheme Dewey Decimal Classification
Item type English Books
Classification part 340
Call number suffix BHA
Holdings
Withdrawn status Lost status Not for loan Collection code Home library Current library Date acquired Source of acquisition Cost, normal purchase price Full call number Barcode Copy number Cost, replacement price Koha item type
      Non-fiction D.B.Act.Division D.B.Act.Division 18/03/2026 Delivery of Books Act Division 635.00 340.11 LEG EN-131433 1 635.00 English Books
      Non-fiction Sarojini Nagar Sarojini Nagar 15/04/2026 DBAD 635.00 340.11 LEG EN-131821 1 635.00 English Books

© Delhi Public Library
Hit Counter
free hit counter